| 000 | 01782cam a22004214i 4500 | ||
|---|---|---|---|
| 003 | PE-LiUPU | ||
| 005 | 20250731184117.0 | ||
| 008 | 150706s r 000 0 d | ||
| 020 | _a9786124552106 | ||
| 035 | _a(Sirsi) i9786124552106 | ||
| 040 |
_aPE-LiUPU _bspa _cPE-LiUPU _erda |
||
| 049 | _aPRUA | ||
| 082 | 0 | 4 |
_a868.2 _bM362009 _221 |
| 100 | 1 |
_aMartí, José, _eautor. |
|
| 245 | 1 | 3 |
_aLa edad de oro / _cJosé Martí. |
| 264 | 1 |
_aLima : _bFondo editorial Educap, _c2009. |
|
| 300 |
_a215 páginas ; _c20 cm. |
||
| 336 |
_atext _2rdacontent |
||
| 337 |
_aunmediated _2rdamedia |
||
| 338 |
_avolume _2rdacarrier |
||
| 505 | 0 | _aA los niños que lean "La edad de Oro" -- Tres héroes -- Dos milagros -- Meñique -- Cada uno a su oficio -- La Iliada, de Homero -- Un juego nuevo y otros viejos -- Bebé y el señor don Pomposo -- La última página -- La historia del hombre contada pos sus casas.-La exposición de París -- Un paseo por la tierra de los anamitas -- La última página. | |
| 526 | _aP145 | ||
| 526 | _aP127 | ||
| 526 | _aP97 | ||
| 526 | _aP14 | ||
| 526 | _aP07 | ||
| 541 | _g045-0004382; | ||
| 650 | 0 | 4 |
_aCuentos infantiles _zCuba. |
| 650 | 0 | 4 |
_aLibros de lectura _zCuba. |
| 650 | 0 | 4 | _aLibros de lectura. |
| 700 | 1 |
_aRojas Vela, Gustavo, _eed. |
|
| 910 |
_agl _bjv _cng _d20121213 |
||
| 942 |
_2ddc _cBOOK |
||
| 949 |
_a868.2 M36 2009 _wDEWEY _c1 _i65984 _lCCODEBUL1 _mBUL _p10.00 _r0 _sY _tBOOK _u2015-7-6 _xSALUD _PP33 _o.STAFF. Colección General |
||
| 994 |
_aC0 _bPEPRU |
||
| 596 | _a1 | ||
| 999 |
_a868.2 M36 2009 _wDEWEY _c54352 _i65984 _f2021-11-9 _g5 _lCCODEBUL1 _mBUL _p10.00 _r0 _sY _tBOOK _u2015-7-6 _xEDUCACION _PP33 _0COMPRA _o.STAFF. Colección General _d54352 |
||
| 980 |
_81 _gALBERTO SANCHEZ Responsable de Automatización |
||